000 00584nam a22002177a 4500
001 87280
003 UA-OsUOA
005 20211016142117.0
007 ta
008 20120917b un ||||| |||| 00| 0 ukr d
040 _aUA-OsUOA
_brus
_cUA-OsUOA
_dUA-OsUOA
041 _arus
080 _a94(47+57)(032)
090 _a94(47+57)(032)
_bИ90
245 _aИстория Великой Отечественной войны
_bсборник статей
260 _aМ.
_bНаука
_c1980
300 _a288 с.
650 7 _a94 Історія
_2UDC
942 _cBK
_2udc
955 _a2
999 _c373972
_d373972